000
00244nam a22000977a 4500
999
_c
16291
_d
16291
003
OSt
008
200721b ||||| |||| 00| 0 eng d
100
_a
S. K. HUSAIN
_9
4672
245
_a
Textbook of Water Supply and Sanitary Engineering
942
_c
BK